| 000 | 01236nmm a2200349 a 4500 | ||
|---|---|---|---|
| 003 | AR-BaBNM | ||
| 005 | 20251128204847.0 | ||
| 008 | 156019s1993 ||||||||||||||000 | spa|| | ||
| 020 | _a950-557-194-1 | ||
| 040 | _cAR-BaBNM | ||
| 245 | 1 | 0 |
_aJoyce, o, La travesía del lenguaje _bpsicoanálisis y literatura |
| 246 | 1 | _aLa travesía del lenguaje | |
| 250 | _a1ª ed. | ||
| 260 |
_aBuenos Aires _bFondo de Cultura Económica _c1993 |
||
| 300 | 0 |
_a174 p. _bil., láms. |
|
| 500 | 1 | _aLa presente obra es una compilación de los trabajos presentados por Luis Chitarroni, Luis Gusmám, Luis Felipe Noé, Isidoro Vegh, Nora Menéndez, Raúl Sciarretta, Carlos Ruiz, Liliana Noemí López, Juan Bautista Ritvo, José Grandinetti, Javier Aramburu en el | |
| 500 | 0 | _aContiene índice general | |
| 504 | _aBibliografía | ||
| 600 | 1 | 4 | _aBorges, Jorge Luis |
| 650 | 4 | _aLITERATURA CONTEMPORANEA | |
| 650 | 4 | _aANALISIS LITERARIO | |
| 650 | 4 | _aCRITICA LITERARIA | |
| 650 | 4 | _aPSICOLINGUISTICA | |
| 650 | 4 | _aCOMPOSICION LITERARIA | |
| 650 | 4 | _aPSICOLOGIA DEL ARTE | |
| 650 | 4 | _aENSAYO | |
| 655 | _aLITERATURA | ||
| 700 | 1 |
_aLasic, Nada _ecompilador |
|
| 700 | 1 |
_aSzumiraj, Elena _ecompilador |
|
| 942 | _cBK | ||
| 998 | _cisola | ||
| 999 |
_c9081 _d9081 |
||